[Event "Hoogeveen Amateurs op 25th"]
[Site "Hoogeveen"]
[Date "2022.10.18"]
[Round "4.19"]
[White "Hogenelst, Gaya"]
[Black "Van Nieuwkerk, Dirk"]
[Result "0-1"]
[WhiteElo "1230"]
[BlackElo "1660"]
[PlyCount "71"]
[EventDate "2022.10.15"]
[EventType "swiss"]
[EventRounds "7"]
[EventCountry "NED"]
[SourceTitle "CBM 210 Extra"]
[Source "ChessBase"]
[SourceDate "2022.11.30"]
[SourceVersion "1"]
[SourceVersionDate "2022.11.30"]
[SourceQuality "1"]

1. d4 Nf6 2. Bf4 d6 3. e3 Nbd7 4. Nc3 c6 5. Bc4 e5 6. Bg3 Be7 7. e4 b5 8. Bb3 b4 9. Nce2 Nxe4 10. f4 Nxg3 11. hxg3 e4 12. c3 bxc3 13. Nxc3 d5 14. Qc2 Nf6 15. 0-0-0 Bb7 16. Nce2 Ng4 17. Qd2 Nf2 18. Nh3 Nxd1 19. Qxd1 Rc8 20. Ba4 Qb6 21. Qb3 Qxb3 22. axb3 0-0 23. g4 c5 24. Kb1 cxd4 25. Nxd4 Bb4 26. Nf5 g6 27. Nd4 Kg7 28. Bb5 a6 29. Be2 Bc5 30. Nc2 d4 31. b4 Bb6 32. Ng5 h6 33. Nxe4 Bxe4 34. Rc1 d3 35. Bd1 d2 36. Bf3 0-1